000 00822nam a22002657a 4500
001 8605
003 FISKH
005 20251002142023.0
008 251002b cb ||||| |||| 00| 0 eng d
020 _a9789833486441
040 _aFISKH
_beng
_cFISKH
_dFISKH
082 _a398.209
100 _aAnonymous
245 _aAladdin and the magic lamp /
260 _aSdn Bhd :
_bFuture Ace,
_c2025.
300 _a16 pages :
_bcolor illustrations ;
_c26 cm
490 _aFairy tale delights
505 _aG
520 _aWith the aid of a genie from a magic lamp, Aladdin fights an evil magician and wins the hand of a beautiful princess.
521 8 _a400
_bLexile estimate
521 8 _aG
_bRaz-Plus
650 _aFolktales
_vChildren's Fiction
_xStory Collection
942 _2ddc
_cBK
_n0
999 _c8605
_d8605